Computer applications of numerical methods . (Record no. 181669)
[ view plain ]
| 000 -LEADER | |
|---|---|
| fixed length control field | 00590 a2200169 4500 |
| 003 - CONTROL NUMBER IDENTIFIER | |
| control field | Nust |
| 005 - DATE AND TIME OF LATEST TRANSACTION | |
| control field | 20170207153218.0 |
| 040 ## - CATALOGING SOURCE | |
| Transcribing agency | Nust |
| 082 ## - DEWEY DECIMAL CLASSIFICATION NUMBER | |
| Classification number | 511 |
| 100 ## - MAIN ENTRY--PERSONAL NAME | |
| Personal name | Kuo, Shan S. (Shan Sun), |
| 245 ## - TITLE STATEMENT | |
| Title | Computer applications of numerical methods . |
| Statement of responsibility, etc. | [by] Shan S. Kuo. |
| 260 ## - PUBLICATION, DISTRIBUTION, ETC. | |
| Place of publication, distribution, etc. | Reading, Mass., |
| Name of publisher, distributor, etc. | Addison-Wesley [1972] |
| Date of publication, distribution, etc. | [1972] |
| 300 ## - PHYSICAL DESCRIPTION | |
| Extent | xii, 415 p. illus |
| Other physical details | . 25 cm. |
| 505 ## - FORMATTED CONTENTS NOTE | |
| Formatted contents note | Communications with Digitals Computers (page-1).Computer-Oriented Numerical Methods (page-99).Modern Method (page-325). |
| 538 ## - SYSTEM DETAILS NOTE | |
| System details note | Almirah No. 11and Shelf No. 5 |
| 650 ## - SUBJECT ADDED ENTRY--TOPICAL TERM | |
| Topical term or geographic name entry element | Computer applications |
| 942 ## - ADDED ENTRY ELEMENTS (KOHA) | |
| Source of classification or shelving scheme | |
| Koha item type | Book |
| Withdrawn status | Lost status | Source of classification or shelving scheme | Damaged status | Not for loan | Collection code | Permanent Location | Current Location | Date acquired | Total Checkouts | Full call number | Barcode | Date last seen | Price effective from | Koha item type |
|---|---|---|---|---|---|---|---|---|---|---|---|---|---|---|
| Military College of Signals (MCS) | Military College of Signals (MCS) | 12/12/2016 | 511 KUO | MCS17 | 12/08/2016 | 12/12/2016 | Book | |||||||
| Military College of Signals (MCS) | Military College of Signals (MCS) | 12/12/2016 | 511 KUO | MCS25 | 12/08/2016 | 12/12/2016 | Book |
